| 000 | 00688nam a22002055i 4500 | ||
|---|---|---|---|
| 001 | 171846 | ||
| 003 | ES-MaACL | ||
| 005 | 20250822035250.0 | ||
| 008 | 090603s1906 be |||| | fre d | ||
| 100 | 1 |
_aSolvay, Ernest. _9132809 |
|
| 245 | 1 | 0 |
_aNote sur des formules dintroduction à lenergétique physio- et psycho-sociologique / _cpar Ernest Solvay. |
| 260 |
_aBruxelles : _bMisch & Thron, _c1906. |
||
| 300 |
_a26 p. ; _c27 cm. |
||
| 490 | 1 |
_aNotes et memoires ; _vfasc. 1 |
|
| 650 | 1 | 7 |
_aSociología _2embne _917195 |
| 650 | 0 | 7 |
_aPsicología social _2embne _916573 |
| 830 | 0 |
_aNotes et memoires ; _vfasc. 1 _9223219 |
|
| 852 |
_aES-MaACL _jG-13987 |
||
| 999 |
_c171846 _d171846 |
||